000 00961nam0a2200289 4500
001 RU\NLR\bibl\1388588
005 20260406122943.0
010 _a978-5-17-009030-3
_bАСТ
010 _a978-5-9713-3816-1
_bАСТ МОСКВА
_93000
021 _aRU
_b2009-35899
_92169
035 _a(NLR Aleph) 001380642
090 _a1099819
_c1099819
100 _a20090701d2009 |||y0rusy50 ca
101 1 _arus
_ceng
102 _aRU
105 _ay |||||||||
200 1 _aАдора
_e[роман]
_fБертрис Смолл
_g[пер. с англ. С.В. Тихонова]
210 _aМосква
_cАСТ
_cАСТ МОСКВА
_d2009
215 _a350 с.
_d17
225 1 _aМини Шарм
686 _aШ6(7США)67-440.4{Лх1979-50}
700 1 _4070
_7ca
_8rus
_aСмолл
_bБ.
_f1937-2015
_gБертрис
_3RU\NLR\AUTH\77816
_9110856
801 0 _aRU
_bNLR
_c20090701
_gRCR
801 1 _aRU
_bNLR
_c20090701
942 _cBOOK
980 _aNB